Kılıç Ali hatıralarını anlatıyor (Record no. 10195)

MARC details
000 -BAŞLIK
Sabit Uzunlukta Kontrol Alanı 00631na a2200217 4500
001 - KONTROL NUMARASI
Denetim Alanı 14589
003 - KONTROL NUMARASI IDENTIFIER
Denetim Alanı MIRAKIL
005 - SON İŞLEM TARİHİ VE ZAMANI
Denetim Alanı 20181213155310.0
008 - SABİT-BOY VERİ ELEMANLARI - GENEL BİLGİLER
Sabit Uzunlukta Kontrol Alanı 160829b tu 000 0
035 ## - SİSTEM KONTROL NUMARASI
Sistem Kontrol Numarası 14589
040 ## - KATALOGLAMA KAYNAK
Orijinal Kataloglama Ajansı Milas
Kataloglama Dili tur
Metne Dönüştürmek Ajansı TR-AnCHP
082 ## - DEWEY ONLU SINIFLANDIRMA NUMARASI
Sınıflandırma Numarası ATA 956.0725
Ürün Numarası K44 1955
090 ## - SINIFLAMA NUMARASI
Sınıflama Numarası ATA 956.0725 K44 1955
245 ## - BAŞLIK TABLOSU
Başlık Kılıç Ali hatıralarını anlatıyor
260 ## - YAYIN, DAĞITIM, VB
Yayın, Dağıtım, Vb Yeri İstanbul
Yayıncı, Dağıtıcı, Vs Adı Sel Yayınları
Yayın, Dağıtım, Vb Tarihi 1955
300 ## - FİZİKSEL TANIM
Kapsam 131 s.
Boyutlar 16 sm.
490 ## - SERİSİ TABLOSU
Seri Beyanı Atatürk Kütüphanesi
Hacim / Ardışık Tanımı 5
600 ## - KONU KATMA GİRİŞ - KURUMSAL ADI
Kişisel Ad Atatürk, Mustafa Kemal
Bir Adıyla İlişkilendirilen Tarihler 1881-1938
Genel Alt Bölümü Anılar
651 ## - KONU KATMA GİRİŞ - COĞRAFİ ADI
Coğrafi İsim Türkiye
Genel Alt Bölümü Siyaset ve yönetim
Kronolojik Alt Bölümü 1918-1960
942 ## - EKLENDİ GİRİŞ ELEMANLARI (KOHA)
Sınıflandırma Veya Raf Düzeni Kaynak Dewey Decimal Classification
Koha Öğesi Türü Books
999 ## - SİSTEM KONTROL NUMARALARI (KOHA)
Koha Biblionumber 10195
Koha Biblioitemnumber 10195
Holdings
Kalıcı Konum Mevcut Konum Edinme Tarihi Edinim Kaynak Toplam Check-Out'Lar Tam Çağrı Numarası Barkod Tarih Son Görülme İtibaren Geçerli Fiyatlar Koha Öğesi Türü
CHP Kütüphanesi CHP Kütüphanesi 08/29/2016 Bağış   ATA 956.0725 K44 1955 002620 08/29/2016 08/29/2016 Books